<?xml version="1.0" encoding="UTF-8"?>
<record
    xmlns:xsi="http://www.w3.org/2001/XMLSchema-instance"
    xsi:schemaLocation="http://www.loc.gov/MARC21/slim http://www.loc.gov/standards/marcxml/schema/MARC21slim.xsd"
    xmlns="http://www.loc.gov/MARC21/slim">

  <leader>02745    a2200361   4500</leader>
  <controlfield tag="001">60074</controlfield>
  <controlfield tag="005">20260407155853.0</controlfield>
  <controlfield tag="008">260407a1986    arg                 spa d</controlfield>
  <controlfield tag="003">AR-UNSa-BCEJYS</controlfield>
  <datafield tag="040" ind1=" " ind2=" ">
    <subfield code="a">AR-UNSa-BCEJYS</subfield>
    <subfield code="b">spa</subfield>
    <subfield code="c">AR-UNSa-BCEJYS</subfield>
  </datafield>
  <datafield tag="080" ind1=" " ind2=" ">
    <subfield code="a">342.52</subfield>
    <subfield code="x">Poder legislativo </subfield>
  </datafield>
  <datafield tag="245" ind1="1" ind2="0">
    <subfield code="a">Atribuciones del Congreso Argentino</subfield>
  </datafield>
  <datafield tag="264" ind1=" " ind2="1">
    <subfield code="a">Buenos Aires :</subfield>
    <subfield code="b">Ediciones Depalma</subfield>
    <subfield code="c">1986</subfield>
  </datafield>
  <datafield tag="300" ind1=" " ind2=" ">
    <subfield code="a">xiv, 609 p.</subfield>
    <subfield code="c">23 cm.</subfield>
  </datafield>
  <datafield tag="505" ind1=" " ind2=" ">
    <subfield code="a">1. Facultades del Congreso: reflexiones sobre la influencia doctrinal norteamericana - 2. Sistematizaci&#xF3;n de las funciones del Congreso en orden a sus atribuciones - 3. Naci&#xF3;n y provincias: competencias. Enfoque hist&#xF3;rico-pol&#xED;tico - 4. Recursos financieros de la Naci&#xF3;n - 5. El r&#xE9;gimen constitucional de las tierras de propiedad nacional - 6. Bancos, monedas, pesas y medidas - 7. Los subsidios a las provincias - 8. Problemas generados por el aprovechamiento de r&#xED;os interprovinciales - 9. Las facultades legislativas respecto de c&#xF3;digos, leyes generales y leyes especiales - 10. La cl&#xE1;usula comercial - 11. Facultades del Congreso en materia de l&#xED;mites interprovinciales - 12. Facultades legislativas en materia de educaci&#xF3;n - 13. Las atribuciones del Congreso en materia demogr&#xE1;fica - 14. El Poder Legislativo y el derecho constitucional de los extranjeros - 15. Amnist&#xED;a pol&#xED;tica - 16. El r&#xE9;gimen jur&#xED;dico de los tratados internacionales en la Rep&#xFA;blica Argentina - 17. El Congreso y la materia religiosa - 18. Fuerzas armadas. Poderes de que depende su formaci&#xF3;n y control - 19. Los establecimientos de utilidad nacional en la doctrina constitucional - 20. El poder de provisi&#xF3;n o reserva en el Estado federal argentino a la luz de la cl&#xE1;usula instrumental gen&#xE9;rica - 21. La funci&#xF3;n electoral del Congreso - 22. La investigaci&#xF3;n congresional: las comisiones investigadoras - 23. El juicio pol&#xED;tico - 24. Atribuciones del Congreso y del presidente sobre intervenciones federales mediante los proyectos de la ley y sus debates (siglo XIX y XX) - 25. Intervenciones federales.</subfield>
  </datafield>
  <datafield tag="041" ind1=" " ind2=" ">
    <subfield code="a">spa</subfield>
  </datafield>
  <datafield tag="942" ind1=" " ind2=" ">
    <subfield code="c">BK</subfield>
  </datafield>
  <datafield tag="590" ind1=" " ind2=" ">
    <subfield code="a">niveau_biblio:m niveau_hierar:0</subfield>
  </datafield>
  <datafield tag="100" ind1="1" ind2=" ">
    <subfield code="a">Instituto Argentino de Estudios Constitucionales y Pol&#xED;ticos</subfield>
  </datafield>
  <datafield tag="700" ind1="1" ind2=" ">
    <subfield code="a">P&#xE9;rez Guilhou, Dardo</subfield>
  </datafield>
  <datafield tag="700" ind1="1" ind2=" ">
    <subfield code="a">Calderon, Ra&#xFA;l Enoc</subfield>
  </datafield>
  <datafield tag="700" ind1="1" ind2=" ">
    <subfield code="a">Castorina de Tarquini, Mar&#xED;a Celia</subfield>
  </datafield>
  <datafield tag="700" ind1="1" ind2=" ">
    <subfield code="a">Eg&#xFC;es, Carlos Alberto</subfield>
  </datafield>
  <datafield tag="700" ind1="1" ind2=" ">
    <subfield code="a">Farrando, Ismael</subfield>
  </datafield>
  <datafield tag="700" ind1="1" ind2=" ">
    <subfield code="a">L&#xF3;pez, Joaqu&#xED;n Manuel Rufino</subfield>
  </datafield>
  <datafield tag="700" ind1="1" ind2=" ">
    <subfield code="a">Luna, Eduardo Fernando</subfield>
  </datafield>
  <datafield tag="700" ind1="1" ind2=" ">
    <subfield code="a">Mart&#xED;nez Peroni, Jos&#xE9; Luis</subfield>
  </datafield>
  <datafield tag="700" ind1="1" ind2=" ">
    <subfield code="a">Ramella de Jefferies, Susana</subfield>
  </datafield>
  <datafield tag="700" ind1="1" ind2=" ">
    <subfield code="a">Reina, Ana Mar&#xED;a</subfield>
  </datafield>
  <datafield tag="700" ind1="1" ind2=" ">
    <subfield code="a">Seghesso de L&#xF3;pez Arag&#xF3;n, Mar&#xED;a Cristina</subfield>
  </datafield>
  <datafield tag="700" ind1="1" ind2=" ">
    <subfield code="a">Segovia, Juan Fernando</subfield>
  </datafield>
  <datafield tag="700" ind1="1" ind2=" ">
    <subfield code="a">Seisdedos, Felipe</subfield>
  </datafield>
  <datafield tag="999" ind1=" " ind2=" ">
    <subfield code="c">6876</subfield>
    <subfield code="d">6876</subfield>
  </datafield>
  <datafield tag="952" ind1=" " ind2=" ">
    <subfield code="0">0</subfield>
    <subfield code="1">0</subfield>
    <subfield code="4">0</subfield>
    <subfield code="7">0</subfield>
    <subfield code="a">BCEJYS</subfield>
    <subfield code="b">BCEJYS</subfield>
    <subfield code="c">16</subfield>
    <subfield code="d">2026-04-07</subfield>
    <subfield code="l">0</subfield>
    <subfield code="o">342.52 A882</subfield>
    <subfield code="p">L45340</subfield>
    <subfield code="r">2026-04-07 15:58:53</subfield>
    <subfield code="w">2026-04-07</subfield>
    <subfield code="y">L</subfield>
  </datafield>
</record>
